The Overseers: public accounts committees and public spending (Record no. 312)

MARC details
000 -LEADER
fixed length control field 00478nam a2200169Ia 4500
008 - FIXED-LENGTH DATA ELEMENTS--GENERAL INFORMATION
fixed length control field 240428s9999||||xx |||||||||||||| ||und||
020 ## - INTERNATIONAL STANDARD BOOK NUMBER
International Standard Book Number 9780745319865
041 ## - LANGUAGE CODE
Language code of text/sound track or separate title eng
082 ## - DEWEY DECIMAL CLASSIFICATION NUMBER
Classification number 328.365M
100 ## - MAIN ENTRY--PERSONAL NAME
Personal name McGee, David G.
245 #4 - TITLE STATEMENT
Title The Overseers: public accounts committees and public spending
260 ## - PUBLICATION, DISTRIBUTION, ETC.
Name of publisher, distributor, etc. Pluto Press
Place of publication, distribution, etc. London
Date of publication, distribution, etc. 2002
300 ## - PHYSICAL DESCRIPTION
Extent xii, 115p;
650 ## - SUBJECT ADDED ENTRY--TOPICAL TERM
Topical term or geographic name entry element Legislative roles - Public accounts committees - Public spending
942 ## - ADDED ENTRY ELEMENTS (KOHA)
Koha item type Books
Holdings
Withdrawn status Lost status Damaged status Not for loan Home library Current library Shelving location Date acquired Total checkouts Full call number Date last seen Copy number Price effective from Koha item type
        Main Library Main Library Open Shelves 23/08/2021   328.3M 2143 C2 - 328.3 2140 C1 - 328.3M 2145 C3 - 328.3M 2146 C4 - 328.365M 1019 C.5 29/04/2024 1 29/04/2024 Books
©2026  Parliament of Ghana Library - All rights reserved